| 000 | 00455nam a2200157Ia 4500 | ||
|---|---|---|---|
| 999 |
_c19397 _d19397 |
||
| 003 | OSt | ||
| 005 | 20200708123443.0 | ||
| 008 | 190216s9999||||xx |||||||||||||| ||und|| | ||
| 040 | _coclc | ||
| 082 |
_a907.2 _bWAR/I |
||
| 100 |
_aWarder, A K _93667 |
||
| 245 | 0 |
_aAn Introduction To Historiography / _cA K Warder |
|
| 260 |
_bPopular Prakashan, _c1972. _aNew Delhi: |
||
| 300 | _a196p | ||
| 942 |
_cBK _2ddc _h907.2 _iWAR/I _k907.2 _mWAR/I |
||